It's summer / Alana Olsen ; illustrated by Aurora ... Read More
Available copies
- 1 of 1 copy available at LARL/NWRL Consortium.
- 1 of 1 copy available at Lake Agassiz Regional Library. (Show preferred library)
Current holds
0 current holds with 1 total copy.
Show Only Available Copies
| Location | Call Number / Copy Notes | Barcode | Shelving Location | Status | Due Date |
|---|---|---|---|---|---|
| Moorhead Public Library | EASY READER E O (Text) | 33500012502209 | Main | Available | - |
Record details
- ISBN: 9781508151890
- ISBN: 150815189X
- Physical Description: 24 pages : color illustrations ; 21 cm.
- Edition: First edition.
- Publisher: New York : Powerkids Press, [2017]
- Copyright: ©2017
Content descriptions
| General Note: | Includes index. |
| Formatted Contents Note: | Hot summer days -- At the beach -- Swimming with ... Read More |
| Summary, etc.: | " Readers learn all about what makes Summer ... Read More |
Search for related items by subject
| Subject: | Summer > Juvenile literature. Summer Summer > Juvenile literature. |
| Genre: | Juvenile works. |
Search for related items by series
| LDR | 01648cam a2200433Ki 4500 | ||
|---|---|---|---|
| 001 | 255919 | ||
| 003 | LARL_NWRL_CONSORTIUM | ||
| 005 | 20170523173105.0 | ||
| 008 | 161004t20172017nyua j 001 0 eng d | ||
| 040 | . | ‡aAYP ‡beng ‡erda ‡cAYP ‡dOCLCO ‡dSINLB ‡dOCLCO ‡dOCLCF ‡dQBX ‡dGIBML | |
| 020 | . | ‡a9781508151890 ‡qlibrary bound | |
| 020 | . | ‡a150815189X ‡qlibrary bound | |
| 035 | . | ‡a(OCoLC)959833697 | |
| 082 | 1 | 4. | ‡a508.2 ‡214 |
| 100 | 1 | . | ‡aOlsen, Alana, ‡eauthor. |
| 245 | 1 | 0. | ‡aIt's summer / ‡cAlana Olsen ; illustrated by Aurora Aguilera. |
| 246 | 3 | . | ‡aIt is summer |
| 250 | . | ‡aFirst edition. | |
| 264 | 1. | ‡aNew York : ‡bPowerkids Press, ‡c[2017] | |
| 264 | 4. | ‡c©2017 | |
| 300 | . | ‡a24 pages : ‡bcolor illustrations ; ‡c21 cm. | |
| 336 | . | ‡atext ‡btxt ‡2rdacontent | |
| 336 | . | ‡astill image ‡bsti ‡2rdacontent | |
| 337 | . | ‡aunmediated ‡bn ‡2rdamedia | |
| 338 | . | ‡avolume ‡bnc ‡2rdacarrier | |
| 490 | 0 | . | ‡aFour seasons |
| 500 | . | ‡aIncludes index. | |
| 505 | 0 | . | ‡aHot summer days -- At the beach -- Swimming with friends -- Finally home -- Words to know -- Index. |
| 520 | . | ‡a" Readers learn all about what makes Summer special and are encouraged to draw connections between the text and their own lives." -- Amazon.com. | |
| 650 | 0. | ‡aSummer ‡vJuvenile literature. ‡0(LARL_NWRL_CONSORTIUM)167291 | |
| 650 | 7. | ‡2fast ‡aSummer ‡0(LARL_NWRL_CONSORTIUM)177461 | |
| 650 | 4. | ‡aSummer ‡xJuvenile literature. | |
| 655 | 7. | ‡aJuvenile works. ‡2fast | |
| 700 | 1 | . | ‡aAguilera, Aurora, ‡eillustrator. |
| 901 | . | ‡a255919 ‡b ‡c255919 ‡tbiblio | |

Add to basket
Permalink
Enable Highlighting